Important People During The Cold War - Statistics

General Stats
  • This quiz has been taken 87 times
  • The average score is 10 of 12
Answer Stats
Picture Answer % Correct
John F Kennedy
99%
Joseph Stalin
96%
Winston Churchill
94%
Ronald Reagan
93%
Fidel Castro
90%
Richard Nixon
88%
Harry S Truman
85%
Mikhail Gorbachev
83%
Dwight D Eisenhower
81%
Nikita Khrushchev
78%
Leonid Brezhnev
66%
Alexander Dubček
8%
No matching quizzes found
Score Distribution
Percent of People with Each Score
Percentile by Number Answered
Your Score History
You have not taken this quiz